Statistiques concernant Géographie européenne par lettre - B

Cliquez ici pour prendre le quiz!

Statistiques générales

  • Ce quiz a été pris 996 fois
  • Le résultat moyen est 12 sur 20

Statistiques - réponses

indicerépondre% Correct
Capitale de la SuisseBerne
95%
Capitale de la CatalogneBarcelone
93%
Capitale de l'UEBruxelles
93%
Ville de la Garonne et région viticoleBordeaux
86%
Mer à l'ouest de l'Estoniemer {Baltique}
85%
Munich est sa capitaleBavière
83%
Péninsule française du nord-ouestBretagne
74%
La Yougoslavie faisait partie de cette péninsuleBalkans
65%
Langue officielle à BilbaoBasque
62%
Contient une province appelée LuxembourgBelgique
60%
Détroit turc qui sépare l'Europe et l'AsieBosphore
60%
Capitale de l'Allemagne de l'OuestBonn
55%
« Dernière dictature en Europe »Biélorussie
53%
Maison du musée GuggenheimBilbao
52%
Ville des Midlands de l'Ouest Birmingham
44%
La plus grande ville de la côte ouest de la NorvègeBergen
31%
Région historique de la TchéquieBohême
29%
Ville anglaise appelée « Aquae Sulis » par les RomainsBath
21%
La plus haute montagne de Grande-BretagneBen Nevis
19%
Le plus grand lac de Hongrielac {Balaton}
12%

Distribution des résultats

Percentile par nombre de réponses

% des personnes avec chaque résultat

Votre développement - résultats

Vous n’avez pas pris ce quiz